000 00569nam a22001817a 4500
999 _c185873
_d185873
005 20220210150357.0
010 _aENG-131509
020 _a9789386806161
_c1495.00
035 _aEN-115041
037 _bDBAD
082 _a954
100 _aLata, Prem
245 _aGateway to Indian Culture/
_cPrem Lata
260 _aNew Delhi
_bIshwar Books
_c2018
270 _aB-29, Arya Nagar CGHS Ltd. Plot No. 91, I.P. Extension, Patparganj
_bNew Delhi
_e110092
_mishwarbooks@gmail.com
300 _av, 288p.
_bIndex
_c25cm(hbk)
942 _2ddc
_cEN
_h954
_mLAT